000
00319nam a2200121Ia 4500
008
220217s9999||||xx |||||||||||||| ||und||
082
_a
004.03 GUP
100
_a
Gupta,Vikash
245
0
_a
Encyclopedia of computer cource kit
260
_a
Dream tech
_b
Bangalore
_c
2006
300
_b
0
650
_a
COMPUTER SCIENCE
999
_c
174470
_d
174470